| 000 | 00924nam a2200301Ia 4500 | ||
|---|---|---|---|
| 001 | Z_4817 | ||
| 003 | CHAP | ||
| 005 | 20250119154257.0 | ||
| 008 | 220113s1998 xx 000 0 und d | ||
| 010 | _a167870 | ||
| 020 | _a0-309-05993-3 | ||
| 040 |
_aZ _cCHAP _erda |
||
| 082 |
_a636.0852 _bN38 S95 1998 _220 |
||
| 110 |
_aNational Research Council. Washington _9139953 |
||
| 245 |
_aNutrient requirements of swine / _cby National Research Council |
||
| 260 |
_aWashington : _bNational Academic Press, _c1998 |
||
| 300 | _a189 p. + CD | ||
| 440 |
_aNutrient requeriments of domestic animals _982286 |
||
| 500 | _ac. 1 Fotocopía \ c/e | ||
| 503 | _ac/e | ||
| 650 |
_aAlimentos y alimentación del ganado _94326 |
||
| 650 |
_aGanado porcino _xAlimentación _945329 |
||
| 650 |
_aGanado porcino _xNutrición _945390 |
||
| 901 | _a636.0852 N38 S95 1998 | ||
| 902 | _aM | ||
| 910 | _a1998 | ||
| 942 |
_cLIBRO _2ddc |
||
| 999 |
_c167870 _d167870 |
||